Statistics for World Champion DCI Corps

Click here to take the quiz!

General Stats

  • This quiz has been taken 670 times
    (23 since last reset)
  • The average score is 27 of 52

Answer Stats

HintAnswer% Correct
2023Blue Devils
100%
2022Blue Devils
100%
2019Blue Devils
93%
2014Blue Devils
93%
2017Blue Devils
93%
2016Bluecoats
87%
2015Blue Devils
87%
2012Blue Devils
87%
2018Santa Clara Vanguard
87%
2010Blue Devils
80%
2007Blue Devils
80%
2009Blue Devils
80%
2013Carolina Crown
80%
2008Phantom Regiment
80%
2003Blue Devils
67%
1999 (tie)Blue Devils & Santa Clara Vanguard
67%
2011The Cadets
67%
1996 (tie)Blue Devils & Phantom Regiment
60%
1994Blue Devils
53%
1997Blue Devils
53%
2002The Cavaliers
53%
2004The Cavaliers
53%
1986Blue Devils
47%
2005The Cadets
47%
2000 (tie)The Cadets & The Cavaliers
47%
2006The Cavaliers
47%
2001The Cavaliers
47%
1982Blue Devils
40%
1979Blue Devils
40%
1977Blue Devils
40%
1976Blue Devils
40%
2020none (canceled)
40%
2021none (Exhibition only)
40%
1989Santa Clara Vanguard
40%
1998The Cadets
40%
1990The Cadets of Bergen County
40%
1972Anaheim Kingsmen
33%
1980Blue Devils
33%
1987Garfield Cadets
33%
1988Madison Scouts
33%
1991Star of Indiana
33%
1993The Cadets of Bergen County
33%
1992The Cavaliers
33%
1995The Cavaliers
33%
1985Garfield Cadets
27%
1983Garfield Cadets
27%
1984Garfield Cadets
27%
1973Santa Clara Vanguard
27%
1975Madison Scouts
20%
1981Santa Clara Vanguard
20%
1978Santa Clara Vanguard
20%
1974Santa Clara Vanguard
20%

Score Distribution

Percentile by Number Answered

Percent of People with Each Score

Your Score History

You have not taken this quiz since the last reset